Responses for Show #2808 - Wednesday, November 13, 1996

1996 Celebrity Jeopardy! game 3.

Contestants

[<< previous game]

Matthew Fox, an actor from Party of Five

Jon Lovitz, an actor from the movie High School High

Carl Lewis, a retired track and field athlete from Los Angeles, California

[next game >>]

Jeopardy! Round responses

CURRENT EVENTS
SPORTS STARS
CELEBRITY BOOKS
WORLD TRAVEL
LIONS & TIGERS & BEARS
"O" MY
    $100 6
Boris Yeltsin

Carl
    $100 1
the Indianapolis 500

Carl
    $100 8
Kathie Lee Gifford

Carl
    $100 14
(Jon: What is Denmark?)
(Carl: What is Amsterdam?)

Copenhagen

CarlJon
Triple Stumper
    $100 22
[The end-of-round signal sounds.]

lions & tigers

Matthew
    $100 17
(Jon: What is Oscar Mayer?)

O-S-C-A-R

Jon
    $200 7
Microsoft

Jon
    $200 2
Cigar

Carl
    $200 10
Jeff Foxworthy

Jon
    $200 18
(Jon: What is an o-crab?)

octopus

Jon
Triple Stumper
    $300 9
Jimmy Carter

Jon
    $500 3
(Alex: A great player & a snappy dresser!)

Dennis Rodman

Carl
    $300 11
Paul Reiser

Jon
    $300 19
Olympus

Carl
    $400 15
Sarajevo

Triple Stumper
    $400 4
Andre Agassi

Jon
    $400 12
Joan Collins

Carl
    $400 20
the Oval Office

Jon
    $500 16
(Alex: We have a minute left in this round.)

Ralph Nader

Carl
    $500 5
Emmitt Smith

Matthew
    $500 13
Andy Warhol

Triple Stumper
    $500 21
(Carl: What is obstetrician?)
(Alex: We'll accept.)

obstetrics

Carl

Scores at the first commercial break (after clue 9):

Carl Jon Matthew
$1,000 $900 $500

Scores at the end of the Jeopardy! Round:

Carl Jon Matthew
$2,600 $1,600 $600

Double Jeopardy! Round responses

ANCIENT NEWS BULLETINS
FOOD & DRINK
STATE CAPITALS
MYTHOLOGY
FILM DIRECTORS
THE DREADED OPERA CATEGORY
    $200 11
shrimp

Carl
    $200 16
Boston

Carl
    $200 21
Diana

Carl
    $200 1
Vincente Minnelli

Jon
    $200 6
Hansel and Gretel

Jon
    $400 12
cider

Triple Stumper
    $400 17
(Jon: What is Anchorage?)
...
(Alex: We have a minute left, Carl.)

Juneau

Jon
Triple Stumper
    $400 22
[The end-of-round signal sounds.]

a volcano

Jon
    $400 2
Oliver Stone

Matthew
    $400 7
(Alex: Jon, see how much you know about opera!)

"Encore!"

Jon
    $600 13
mimosa

Carl
    $600 18
(Carl: Um, um... gosh, I can't!)

Harrisburg

Carl
Triple Stumper
    $600 3
Chris Columbus

Carl
    $600 8
Joan of Arc

Jon
    $800 14
Greece

Triple Stumper
    $1,000 19
(Carl: [No response])

Denver

Carl
    $800 4
Akira Kurosawa

Jon
    $1,000 9
(Jon: What is Tosca?)
(Alex: No. What is [*]?)
(Jon: Exactly... well, you always come up so smart on this show, you have all the answers right there!)
(Alex: Absolutely right!)
(Jon: I had the answers right here like you, I'd be the smart one!)

Aida

Jon
    $1000 15
cilantro

Triple Stumper
    $1000 20
Atlanta

Carl
    $1000 5
John Waters

Jon
    $1000 10
Carmen

Jon

Scores at the end of the Double Jeopardy! Round:

Carl Jon Matthew
$3,800 $4,800 $1,000

[wagering suggestions for these scores]

Final Jeopardy! Round responses

GREAT ARTISTS
MatthewWho is NO CLUE!
$1,000
CarlWho is
$3,800
JonWho is Alex Trebeck! (who knew?)
$4,800
Rembrandt

Final scores:

Carl Jon Matthew
$0 $0 $0
2nd place: $10,000 to the Wendy Marx Foundation for Organ Donor Awareness Winner: $10,000 to Project Angel Food in Los Angeles 3rd place: $10,000 to the Make-A-Wish Foundation

Game dynamics:

Coryat scores:

Carl Jon Matthew
$4,600 $5,800 $1,000
15 R
(including 1 DD),
3 W
(including 1 DD)
15 R,
4 W
(including 1 DD)
3 R,
0 W

Combined Coryat: $11,400

[game clues] [game scores] [suggest correction]

Game tape date: 1996-09-29
The J! Archive is created by fans, for fans. Scraping, republication, monetization, and malicious use prohibited; this site may use cookies and collect identifying information. See terms. The Jeopardy! game show and all elements thereof, including but not limited to copyright and trademark thereto, are the property of Jeopardy Productions, Inc. and are protected under law. This website is not affiliated with, sponsored by, or operated by Jeopardy Productions, Inc. Join the discussion at JBoard.tv.